000 00410nam a2200145Ia 4500
008 100122s9999 xx 000 0 und d
082 _b25497
_a637.1
100 _aदेवरे प्र अ
245 _aसंकरित गाय
260 _bके.वा.जोशी
_c1977
300 _a140
630 _aसंकरित गाय
730 _aसंकरित गाय
942 _cBOOK
999 _c412246
_d412243